Reflexiones crítico apologéticas sobre las obras de Benito Jerónimo Feijoo en defensa de las milagrosas flores de San Luis del Monte.

Detalles Bibliográficos
Autor principal: SOTO Y MARNE, Francisco
Formato: Libro
Publicado: Lisboa 1751
Materias:
Colección:Banco de datos
Acervo:Biblioteca del Museo Regional de Querétaro. INAH. Querétaro
Descripción Física:t. I
Tema general:Literatura
Notas:Regular. 3L3, 5.
LEADER 00787nam a22002050004500
035 |a 23478 
036 |a 1963 
100 1 |a SOTO Y MARNE, Francisco 
245 1 0 |a Reflexiones crítico apologéticas sobre las obras de Benito Jerónimo Feijoo en defensa de las milagrosas flores de San Luis del Monte. 
260 |a Lisboa  |b Miguel Manescal da Costa imp.  |c 1751 
300 |a t. I 
500 |a Regular. 3L3, 5. 
650 1 0 |a Literatura 
949 |a C.R.Q. 
959 |a Ex convento Grande de San Francisco de la ciudad de Querétaro, Museo Regional de Querétaro  |b CCC2 
960 |a Convento Grande de San Francisco de la ciudad de Querétaro  |b DD68 
961 |a Franciscana  |b OF 
942 |c C.R.Q. 
943 |g Biblioteca del Museo Regional de Querétaro. INAH. Querétaro 
999 |c 979794  |d 979794